000 00351pab a2200121 454500
008 180718b xxu||||| |||| 00| 0 eng d
100 _aMukherjee Sibsankar
245 _aThe social role of a caste association
362 _a31(1), Jan-Mar 1994, p.89-100
650 _aCaste -- India
773 _aIndian Economic and Social History Review
909 _a26626
999 _c26626
_d26626